Computer-based environmental management

Αποθηκεύτηκε σε:
Λεπτομέρειες βιβλιογραφικής εγγραφής
Κύριος συγγραφέας: Seppelt, Ralf
Μορφή: Βιβλίο
Γλώσσα:English
Δημοσίευση: Weinheim : Wiley-VCH, 2003
Θέματα:
Ετικέτες: Προσθήκη ετικέτας
Δεν υπάρχουν, Καταχωρήστε ετικέτα πρώτοι!

MARC

LEADER 00000nam a2200000 i 4500
001 1/77304
008 080313s2003 eng d
020 |a 3-527-30732-X 
035 |l 10095398 
040 |a GR-MY-UA  |b gre  |e aacr 
041 0 |a eng 
082 0 |a 577.011  |2 (22) 
100 1 |a Seppelt, Ralf. 
245 1 0 |a Computer-based environmental management /  |c Ralf Seppelt 
260 |a Weinheim :   |b Wiley-VCH,   |c 2003 
300 |a xxi, 284 σ.;  |b πίν., σχ.;  |c 25 εκ. 
504 |a Βιβλιογραφία: σ. 259-280 
504 |a Ευρετήριο: σ. 281-284 
650 0 0 |a Environmental management. 
650 0 0 |a Computer simulation. 
852 |a INST  |b LESVOS  |e 20080313  |h 577.011 SEP  |p 005100040595  |q 005100040595  |t BK  |y 0 
901 |a BIBL1-2008-1 
909 |a Λ  |b 145267 
922 |a 1ΕΛΗ  |b 200801  |c ΕΠΕΑΕΚ2/ΤΠ  |d ΕΛΕΥΘΕΡΟΥΔΑΚΗΣ 
970 |a ΧΑΤΖΗΜΙΧΑΗΛ  |b ΜΑΡΙΑ  |z 2008/03/13